书目信息 |
| 题名: |
新几内亚简史
|
|
| 作者: | 比斯库普 著 ;广东化工学院新几内亚简史翻译组 译 | |
| 分册: | ||
| 出版信息: | 广州 广东人民出版社 1975 |
|
| 页数: | 352页 | |
| 开本: | 20cm | |
| 丛书名: | ||
| 单 册: | ||
| 中图分类: | K451.0 | |
| 科图分类: | ||
| 主题词: | 历史--巴布亚新几内亚 , 非洲--历史 | |
| 电子资源: | ||
| ISBN: | ||
| 000 | 00800nam0 2200253 45 | |
| 001 | 0177000462 | |
| 005 | 20061115160252.06 | |
| 010 | @dCNY1.02 | |
| 100 | @a19951017d1977 em y0chiy0121 ea | |
| 101 | 1 | @achi@ceng |
| 102 | @aCN@b440000 | |
| 105 | @ay z 000yy | |
| 200 | 10 | @a新几内亚简史@Axin ji nei ya jian shi@f(澳)P.比斯库普等著@g广东化工学院《新几内亚简史》翻译组译 |
| 210 | @a广州@c广东人民出版社@d1975 | |
| 215 | @a352页@d20cm | |
| 606 | @a历史@y巴布亚新几内亚 | |
| 606 | 0 | @a非洲@x历史 |
| 607 | @a巴布亚新几内亚@x历史 | |
| 690 | @aK451.0@v3 | |
| 701 | 1 | @a比斯库普@Abi si ku pu@bP.@4著 |
| 712 | 02 | @a广东化工学院新几内亚简史翻译组@Aguang dong hua gong xue yuan xin ji nei ya jian shi fan yi zu@4译 |
| 801 | 2 | @aCN@bNLC@c20061115 |
| 801 | 0 | @aCN@bTSSF |
| 905 | @a10447@dK451.0@e12 | |
| 新几内亚简史/(澳)P.比斯库普等著/广东化工学院《新几内亚简史》翻译组译.-广州:广东人民出版社,1975 |
| 352页;20cm |
| ISBN :CNY1.02 |
| ● |
| 相关链接 |
|
|
|
|
正题名:新几内亚简史
索取号:K451.0/12
 
预约/预借
| 序号 | 登录号 | 条形码 | 馆藏地/架位号 | 状态 | 备注 |
| 1 | 0228421 | 001396091 | 第二样本阅览室/ [索取号:K451.0/12] | 在馆 |